| 000 | 00947nmc a2200325 a 4500 | ||
|---|---|---|---|
| 003 | AR-BaBNM | ||
| 005 | 20251128210327.0 | ||
| 008 | 019119s1993 ||||||||||||||000 | spa|| | ||
| 020 | _a950-9413-52-6 | ||
| 040 | _cAR-BaBNM | ||
| 245 | 1 | 0 |
_aAmérica Latina _bel desafío del tercer milenio |
| 260 |
_aBuenos Aires _bDel Sol _c1993 |
||
| 300 | 0 |
_a309 p. _bláms. |
|
| 490 | 0 |
_aAntropológica _vv. 7 |
|
| 504 | _aAl final de cada trabajo se encuentra la bibliografía para consultar | ||
| 650 | 4 | _aABORIGENES AMERICANOS | |
| 650 | 4 | _aANTROPOLOGIA CULTURAL Y SOCIAL | |
| 650 | 4 | _aFILOSOFIA CULTURAL | |
| 650 | 4 | _aESTUDIOS CULTURALES | |
| 650 | 4 | _aETNOGRAFIA | |
| 650 | 4 | _aSOCIOLOGIA | |
| 650 | 4 | _aIDENTIDAD CULTURAL | |
| 650 | 4 | _aSIGLO VEINTIUNO | |
| 651 | 4 | _aAmérica Latina | |
| 653 | 0 | _aPOSMODERNIDAD | |
| 700 | 1 |
_aColombres, Adolfo _ecompilador |
|
| 800 | 1 |
_aColombres, Adolfo _edirector |
|
| 942 | _cBK | ||
| 998 | _cMariana | ||
| 999 |
_c14976 _d14976 |
||